000 00434nam a2200169Ia 4500
008 090711s9999 xx 000 0 und d
082 _b61371
100 _aकुलकर्णी वसंत
245 _aमळभ
260 _c1987
300 _a110
600 _aकुलकर्णी वसंत
630 _aमळभ
700 _aकुलकर्णी वसंत
730 _aमळभ
942 _cBOOK
999 _c310325
_d310325